Match the airline to the country - Statistics

General Stats
  • This quiz has been taken 159 times
  • The average score is 12 of 21
Answer Stats
Airline Base country % Correct
ANA Japan
89%
Cebu Pacific Philippines
80%
Aeroflot Russia
72%
Asiana South Korea
70%
Etihad Abu Dhabi
68%
Qantas Australia
65%
Air Asia Malaysia
65%
KLM Netherlands
65%
Ryanair Ireland
64%
Brussels Airlines Belgium
58%
Jet Blue USA
58%
Cathay Pacific Hong Kong
56%
AirBaltic Latvia
54%
Jet Airways India
46%
GulfAir Bahrain
45%
Gol Brazil
43%
TUIFly Germany
42%
Air Astana Kazakhstan
42%
Carpatair Romania
34%
WOW Air Iceland
32%
Malev Hungary
28%
No matching quizzes found
Score Distribution
Percent of People with Each Score
Percentile by Number Answered
Your Score History
You have not taken this quiz